Science Quiz

Random Science or Logic Quiz

Types of definition in logic Quiz Stats

 Plays Quiz not verified by Sporcle

Challenge
Share
Tweet
Score 0/6 Timer 03:00
0 Plays Today
Definition Type of Definition % Correct
A definition that assigns a meaning to a word for the first time.Stipulative
83.7%
A definition intended to report the way a word is actually used in a language.Lexical
81.5%
A definition intended to reduce the vagueness of a word.Precising
64.4%
A definition intended to engender a favorable or unfavorable attitude toward what is denoted by the definiendum.Persuasive
60%
A definition that assigns a meaning to a word by suggesting a theory that gives a certain characterization to the entities that the term denotes.Theoretical
57.8%
43%

You're not logged in!

Compare scores with friends on all Sporcle quizzes.
OR
Log In

You Might Also Like...

Show Comments

Extras

Top Quizzes Today


Score Distribution

Your Account Isn't Verified!

In order to create a playlist on Sporcle, you need to verify the email address you used during registration. Go to your Sporcle Settings to finish the process.

Report this User

Report this user for behavior that violates our Community Guidelines.

Details: